Never Gonna Give You Up by Rick Astley (all lyrics) - Statistics

General Stats
  • This quiz has been taken 7,741 times
    2,857 since last reset
  • The average score is 57 of 82
Answer Stats
Hint Answer % Correct
Chorus Never
99%
Verse 1 You
99%
Most you
99%
Verse 1 A
98%
Chorus a
98%
Verse 1 do
98%
Chorus give
98%
Most gonna
98%
Chorus up
98%
Chorus let
97%
All and
96%
Verse 2 And
96%
Chorus down
96%
Verse 1 | Final chorus I
93%
Chorus around
92%
Chorus desert
90%
Most say
90%
Chorus goodbye
89%
Verse 1 | Chorus make
88%
Chorus cry
87%
Chorus hurt
87%
Most tell
87%
Verse | Bridge so
86%
Chorus lie
85%
Verse | Bridge to
85%
Verse 2 | Bridge we
85%
Verse 2 | Bridge We
85%
Verse | Chorus know
84%
Verse | Bridge the
84%
Chorus run
83%
Verse | Final chorus I'm
80%
Verse 1 love
79%
Verse 1 rules
76%
Verse | Final chorus how
75%
Verse 1 no
75%
Verse 1 We're
75%
Verse 2 | Bridge we're
75%
Verse | Final chorus feeling
74%
Verse 1 | Final chorus just
73%
Verse | Bridge other
71%
Verse 1 strangers
70%
Verse 1 | Final chorus understand
70%
Verse 1 | Final chorus wanna
70%
Verse 2 | Bridge for
65%
Verse 1 what
65%
Verse 1 any
63%
Verse 2 | Bridge it
63%
Verse 1 guy
62%
Verse 2 | Bridge long
61%
Verse 1 of
61%
Verse 2 | Bridge Your
60%
Verse 1 | Final chorus Gotta
58%
Verse 2 me
58%
Verse 1 thinking
57%
Verse 2 | Bridge each
56%
Verse 1 this
56%
Verse 2 | Bridge We've
56%
Verse 1 from
55%
Verse 1 get
55%
Verse 2 | Bridge too
54%
Verse 2 | Bridge you're
54%
Verse 2 | Bridge known
53%
Verse 2 | Bridge been
52%
Verse 2 | Bridge on
51%
Verse 2 | Bridge but
50%
Verse 2 if
50%
Verse 2 | Bridge play
50%
Verse 1 commitment's
49%
Verse 2 | Bridge game
49%
Verse 2 | Bridge shy
49%
Verse 1 wouldn't
49%
Verse 2 | Bridge heart's
48%
Verse 2 | Bridge going
47%
Verse 2 ask
45%
Verse 1 full
43%
Verse 2 | Bridge aching,
42%
Verse 2 Don't
42%
Verse 2 see
42%
Verse 2 | Bridge what's
40%
Verse 2 | Bridge both
39%
Verse 2 blind
35%
Verse 2 | Bridge Inside,
25%
No matching quizzes found
Score Distribution
Percent of People with Each Score
Percentile by Number Answered
Your Score History
You have not taken this quiz since the last reset